| 000 | nam a22 a 4500 | ||
|---|---|---|---|
| 999 |
_c733 _d733 |
||
| 003 | AKMAL | ||
| 005 | 20170505090012.0 | ||
| 008 | 170505s1991 my a00 eng d | ||
| 020 |
_a9836220593 (pbk.): _cRM 10.00 |
||
| 039 | 9 |
_a200807231046 _brfid1 |
|
| 040 |
_aAKMAL _cAKMAL |
||
| 049 | _amal | ||
| 082 | 0 | 4 | _a297 MUH |
| 090 |
_a297 _bMUH |
||
| 090 | 2 | 0 |
_a297 _bMUH |
| 100 |
_aMuhammad Abd Rauf _91572 |
||
| 245 | 1 |
_aUmmah : _bthe Muslim nation / _cMuhammad Abd Rauf |
|
| 260 |
_aKuala Lumpur : _bDewan Bahasa dan Pustaka, _c1991 |
||
| 300 |
_aix, 186p. ; _c21cm |
||
| 500 | _aIncludes index | ||
| 500 | _aContains verses from the Koran | ||
| 504 | _aIncludes bibliographical references | ||
| 650 |
_aIslam and state _91573 |
||
| 942 |
_2ddc _cBOOK |
||